|
|
|
|
| LEADER |
00000nab a2200000 a 4500 |
| 001 |
vtls000645960 |
| 003 |
SK-MaSNL |
| 005 |
20260413093120.0 |
| 008 |
250425c1997 xo 0 slo |
| 015 |
|
|
|a SNBRB19rr/mm-uuuuu
|
| 035 |
|
|
|a CL0646099
|
| 035 |
|
|
|a urn:nbn:sk:snk-abepxd
|
| 035 |
|
|
|a (urnnbn)urn:nbn:sk:snk:ar-007001
|
| 035 |
|
|
|a (uuid)d2317314-64a6-4072-ab01-94c56079dfc6
|
| 040 |
|
|
|a SNKBUCL
|b slo
|c SNKBUCL
|e AACR2
|
| 041 |
0 |
|
|a slo
|
| 044 |
|
|
|a xo
|c SK
|
| 080 |
|
|
|a 630 1:582.623:639.1
|2 1981
|
| 080 |
|
|
|a 582.623
|2 1981
|
| 080 |
|
|
|a 639.1
|2 1981
|
| 100 |
1 |
|
|a Valtýni, Július,
|d 1936-
|4 aut
|9 1636696
|
| 245 |
1 |
0 |
|a Vŕby: úkryt i potrava
|c Július Valtýni
|
| 650 |
0 |
7 |
|a vŕba
|2 snkbucl
|9 28504
|
| 655 |
|
7 |
|a články z novín a časopisov
|2 snkbucl
|9 267496
|
| 773 |
0 |
|
|t Poľovníctvo a rybárstvo
|g Roč. 49, č. 12 (1997), s. 6-7
|x 0231-8768
|
| 850 |
|
|
|a Slovenská národná knižnica
|
| 852 |
|
|
|a Slovenská národná knižnica
|
| 954 |
|
|
|a odborná, vedecká literatúra pôvodná (slovenská)
|2 lita
|
| 958 |
|
|
|a article27
|
| 958 |
|
|
|a RK
|
| 958 |
|
|
|a OND
|
| 958 |
|
|
|a EUIPO
|
| 992 |
|
|
|a RBX
|
| 999 |
|
|
|c 2829897
|d 2831827
|